000 00550nam a2200193Ia 4500
005 20250423100236.0
008 250422s9999 xx 000 0 und d
020 _a9781292000091
050 _aHD 31 .C41/
100 _aCerto, Samuel C.
245 0 _aModern management : concepts and skills
250 _a13th ed.
260 _aUpper Saddle River, NJ
260 _bPrentice Hall
260 _c2014
300 _a575 p
650 _aManagement Industrial management Social responsibility of business Technological innovations
942 _cBK
999 _c32708
_d32708